000 00395nam a2200181Ia 4500
001 1283
005 20260306140621.0
008 260306t1995||||xx |||||||||||||| ||spa||
041 _aESP
082 _a192
_bP77
100 _aMiller, David. (comp.)
_eAUT
245 0 _aPopper
260 _c1995
300 _a430 páginas :
_c
650 _aGEN
654 _aCHU
942 _cLIB
_dJUS
_fJUS
_2ddc
_n
999 _c1283
_d1283